Cost effective site planning : single family development.

Bibliographic Details
Corporate Authors: Land Design/Research, inc, National Association of Home Builders of the United States
Format: Book
Language:English
Published: Washington : National Association of Home Builders, [1976]
Subjects:

MARC

Tag First Indicator Second Indicator Subfields
LEADER 00000cam a2200000 i 4500
001 in00000074184
005 20151008060230.0
008 770315s1976 dcua b 00000 eng
010 |a  76050976  
035 |a (OCoLC)02922644 
035 |9 AAJ5351AM 
040 |a DLC  |c DLC  |d m.c.  |d TXA  |d UtOrBLW 
049 |a TXAM  |c [1502498] 
050 0 0 |a TH437  |b .L36 1976 
082 0 |a 711/.58 
110 2 |a Land Design/Research, inc. 
245 1 0 |a Cost effective site planning :  |b single family development. 
264 1 |a Washington :  |b National Association of Home Builders,  |c [1976] 
264 4 |c ©1976 
300 |a 143 pages, 1 unnumbered page :  |b illustrations ;  |c 28 cm. 
336 |a text  |b txt  |2 rdacontent 
337 |a unmediated  |b n  |2 rdamedia 
338 |a volume  |b nc  |2 rdacarrier 
504 |a Bibliography: page [144]. 
650 0 |a Dwellings  |x Estimates and costs. 
650 0 |a Building sites. 
710 2 |a National Association of Home Builders of the United States. 
999 |a MARS 
999 f f |s 834214eb-2951-3f01-8fd4-c7dd9fc18855  |i dbe6104d-6205-376a-9b75-6d6e4abc79e2  |t 0 
952 f f |p ric  |a Texas A&M University  |b Rellis Campus  |c Joint Library Facility  |d Remote Storage  |t 0  |e TH437 .L36 1976  |h Library of Congress classification  |i unmediated -- volume  |m A14805402678 
998 f f |a TH437 .L36 1976  |t 0  |l Remote Storage